Wein, Staat und Steuer
| Titel: | Wein, Staat und Steuer : Überlegungen anläßlich der Errichtung einer Zollgrenze zwischen Niederösterreich und den böhmischen Ländern an der Wende vom 16. zum 17. Jahrhundert |
|---|---|
| Verfasser: | |
| In: |
Kontakte und Konflikte, (1993), Seite 155-172, Abb. alle Artikel anzeigen |
| Veröffentlicht: | 1993 |
| Format: | Aufsatz |
| Sprache: | Deutsch |
X
alg: 39222704
001A $01999:11-11-16
001B $01999:26-04-21 $t20:16:09.000
001D $01999:11-11-16
001U $0utf8
001X $00
002@ $0Aox
003@ $0392227045
007A $0392227045 $aHEB
007T $0Herdc0042773m
010@ $ager
011@ $a1993
021A $aWein, Staat und Steuer $dÜberlegungen anläßlich der Errichtung einer Zollgrenze zwischen Niederösterreich und den böhmischen Ländern an der Wende vom 16. zum 17. Jahrhundert
028A $aLandsteiner $dErich
031A $h155-172, Abb. $j1993
039B $aIn $8--Aauc--. @Kontakte und Konflikte. - Horn {[u.a.] : Waldviertler Heimatbund, 1993. - 553 S.. - Ill., graph. Darst., Kt.. - ISBN 3-900708-10-X $x199300000000000845 $9027138232
045F $a330.094371 $eDDC23BSB
045F/01 $a330.09
045F/03 $g4371
lok: 39222704 78
exp: 39222704 78 1 #EPN
201B/01 $026-11-17 $t01:02:34.000
201U/01 $0utf8
203@/01 $0788323318
208@/01 $a11-11-16 $be
209A/01 $a/ $f000 $x00
220C/01 $aTitelaufnehmer: nk;an
220C/01 $aHerkunft: HI Marburg
220C/01 $aAnmerkung: b
244Z/01 $#Tschechien $#Tschechische Republik $#Tschechische Republik $#Tschechenland $#Tschechei Tschechien $#Česká Republika $#Czech Republic $#ČR $74303381-7 $8--Tg1--Tschechien $x01 $9086659812
244Z/01 $2Trx $#Böhmen $#Bohemia $#Czechy $8--Trx--Čechy $x02 $9391188941
244Z/01 $aGeschichte 1583-1610 $x03
244Z/01 $2Trx $#tollid $#muitai $#customs $#vámok $#cła i opłaty $#clá $#cla $#opłaty $8--Trx--Zölle $x04 $9391356747
244Z/01 $2Trx $#piirid $#sienos $#borders $#határok $#granice $#hranice $#hranice $8--Trx--Grenzen $x05 $9391373366
244Z/01 $2Trx $#kaubavahetus üldiselt $#prekyba bendras $#trade $#kereskedelem általános $#handel ogólnie $#obchod všeobecne $#obchod všeobecně $#Gewerbe $#remeslo, živnosť $8--Trx--Handel$gallgemein $x06 $9391373781
244Z/01 $2Trx $#kaubavahetus vein $#prekyba vynas $#trade wine $#kereskedelem bor $#handel, wino $#obchod víno $#obchod víno $#Wein $#víno $8--Trx--Handel$gWein $x07 $9391369180
244Z/01 $2Trx $8--Trx--Einzelbeiträge $x08 $9391384570
245Z/01 $a09.04 $x01
247C/01 $82080>Marburg/Lahn, Herder-Institut, Forschungsbibliothek, Bibliographieportal $9336309341
| LEADER | 00000caa a22000002c 4500 | ||
|---|---|---|---|
| 001 | 392227045 | ||
| 003 | DE-603 | ||
| 005 | 20210426201609.0 | ||
| 007 | tu | ||
| 008 | 161111s1993 xx |||| | u00||u|ger c | ||
| 035 | |a (DE-599)HEB392227045 | ||
| 040 | |a DE-603 |b ger |c DE-603 |d DE-603 | ||
| 041 | |a ger | ||
| 082 | 0 | 4 | |8 1\u |a 330.094371 |q DE-101 |2 23/BSB |
| 085 | |8 1\u |b 330.09 | ||
| 085 | |8 1\u |z 2 |s 4371 | ||
| 100 | 1 | |a Landsteiner, Erich | |
| 245 | 0 | 0 | |a Wein, Staat und Steuer |b Überlegungen anläßlich der Errichtung einer Zollgrenze zwischen Niederösterreich und den böhmischen Ländern an der Wende vom 16. zum 17. Jahrhundert |
| 264 | 0 | |c 1993 | |
| 773 | 0 | 8 | |i In |t Kontakte und Konflikte |d Horn [u.a.] : Waldviertler Heimatbund, 1993 |h 553 S., Ill., graph. Darst., Kt. |z 390070810X |g (1993), Seite 155-172, Abb. |w (DE-603)027138232 |
| 924 | 0 | |9 2080 |a (DE-603)788323318 |b DE-2080 |c HES |d d |g / | |


